|
|
|
|
| LEADER |
00666nab a2200169 i 4500 |
| 001 |
misc22990 |
| 005 |
20191111110513.0 |
| 008 |
170828s1925 hu o 0|| zxx d |
| 040 |
|
|
|a SZTE Miscellanea Repozitórium
|b hun
|
| 041 |
|
|
|a zxx
|
| 100 |
1 |
|
|a Bajza József
|
| 245 |
1 |
2 |
|a A magyar-horvát unió felbomlása
|h [elektronikus dokumentum] :
|b székfoglalóul felolvasta a Szent István Akadémiában 1924 november 21-én /
|c Bajza József
|
| 260 |
|
|
|c 1925
|
| 300 |
|
|
|a 1-74
|
| 490 |
0 |
|
|a Kolligátum
|
| 695 |
|
|
|a Horvátország története - 1848-1919, Nemzeti mozgalom - horvát - 19. sz.
|
| 856 |
4 |
0 |
|u http://misc.bibl.u-szeged.hu/22990/1/06764_001-074.pdf
|z Dokumentum-elérés
|